مكتبة جامعة عجلون الوطنية

فهرس بحث المكتبة

Normal view MARC view
  • قانون التحكيم الإلكتروني

Entry Topical Term

Number of records used in: 1

001 - CONTROL NUMBER

  • control field: 32490

003 - CONTROL NUMBER IDENTIFIER

  • control field: JO-AjAnu

005 - DATE AND TIME OF LATEST TRANSACTION

  • control field: 20230606075447.0

008 - FIXED-LENGTH DATA ELEMENTS

  • fixed length control field: 230606|| aca||aabn | a|a d

040 ## - CATALOGING SOURCE

  • Original cataloging agency: JO-AjAnu
  • Transcribing agency: JO-AjAnu

150 ## - HEADING--TOPICAL TERM

  • Topical term or geographic name entry element: قانون التحكيم الإلكتروني

670 ## - SOURCE DATA FOUND

  • Source citation: Work cat.: (JO-AjAnu)16690: زمزم ، عبد المنعم , author 32489, قانون التحكيم الإلكتروني : دراسة مقارنة لقواعد جمعية التحكيم الأمريكية وتنظيم محكمة الفضاء في ضوء المبادئ العامة للتحكيم التقليدي